Konkrétne vlastníctvo je prínosom Zabezpečený odbyt dáva šancu myslieť na budúcnosť

Podrobná bibliografia
Hlavný autor: Chudý, Vladimír, 1940- (Autor)
Médium: Článok
Jazyk:slovenčina
Fyzický popis:Fotogr. 1
Predmet:

MARC

LEADER 00000nab a2200000 a 4500
001 vtls000553092
003 SK-MaSNL
005 20260303014738.0
008 120929c1995 xo 0 slo
015 |a SNBRB19rr/mm-uuuuu 
035 |a CL0553230 
040 |a SNKBUCL  |b slo  |c SNKBUCL  |e AACR2 
041 0 |a slo 
044 |a xo  |c SK 
080 |a 666.94:061.5(437.6)  |2 1981 
100 1 |a Chudý, Vladimír,  |d 1940-  |4 aut  |9 213493 
245 1 0 |a Konkrétne vlastníctvo je prínosom  |b Zabezpečený odbyt dáva šancu myslieť na budúcnosť  |c Vladimír Chudý 
300 |b Fotogr. 1 
650 0 7 |a Cementáreň, a.s., Lietavská Lúčka  |2 snkbucl  |9 996889 
651 7 |a 5313  |2 snkbucl  |9 893759 
655 7 |a články z novín a časopisov  |2 snkbucl  |9 267496 
773 0 |t Slovenský profit  |g Roč. 3, č. 25 (1995), s. 23 
850 |a Slovenská národná knižnica v Martine  |a MTA001 
852 |a SNK  |b KIS3GCP 
958 |a RK 
992 |a RBX 
999 |c 1609206  |d 1611136